A Practical Guide to Adopting BIM in Construction Projects (Record no. 115742)
[ view plain ]
| 000 -LEADER | |
|---|---|
| fixed length control field | 00832cam a22002175a 4500 |
| 001 - CONTROL NUMBER | |
| control field | L159204 |
| 008 - FIXED-LENGTH DATA ELEMENTS--GENERAL INFORMATION | |
| fixed length control field | 160317s2015 xxk f 000 0 eng d |
| 020 ## - INTERNATIONAL STANDARD BOOK NUMBER | |
| International Standard Book Number | 9781849951463 |
| 035 ## - SYSTEM CONTROL NUMBER | |
| System control number | (Sirsi) u159204 |
| 041 0# - LANGUAGE CODE | |
| Language code of text/sound track or separate title | eng |
| 050 04 - LIBRARY OF CONGRESS CALL NUMBER | |
| Classification number | 692.8 |
| 100 1# - MAIN ENTRY--PERSONAL NAME | |
| Personal name | Kumar, B. |
| 245 02 - TITLE STATEMENT | |
| Title | A Practical Guide to Adopting BIM in Construction Projects |
| 260 ## - PUBLICATION, DISTRIBUTION, ETC. | |
| Place of publication, distribution, etc. | Dunbeath |
| Name of publisher, distributor, etc. | Whittles |
| Date of publication, distribution, etc. | 2015 |
| 520 ## - SUMMARY, ETC. | |
| Summary, etc. | Presents key issues for adopting BIM in construction projects with an overview of the core ideas and issues gathered from various guidance documents presented in a reader friendly way. The guidance is particularly applicable to the UK but could be valid in any country where best practice is desired. |
| 590 ## - LOCAL NOTE (RLIN) | |
| Local note | KA |
| 651 #4 - SUBJECT ADDED ENTRY--GEOGRAPHIC NAME | |
| Geographic name | United Kingdom |
| 651 #4 - SUBJECT ADDED ENTRY--GEOGRAPHIC NAME | |
| Geographic name | International |
| 690 ## - LOCAL SUBJECT ADDED ENTRY--TOPICAL TERM (OCLC, RLIN) | |
| Topical term or geographic name as entry element | Quantity surveying |
| 9 (RLIN) | 6263 |
| 942 ## - ADDED ENTRY ELEMENTS (KOHA) | |
| Suppress in OPAC | 0 |
| Withdrawn status | Lost status | Source of classification or shelving scheme | Damaged status | Not for loan | Home library | Current library | Shelving location | Date acquired | Total Checkouts | Full call number | Barcode | Date last seen | Copy number | Price effective from | Koha item type |
|---|---|---|---|---|---|---|---|---|---|---|---|---|---|---|---|
| Dewey Decimal Classification | London | London | Books | 17/03/2016 | 692.8 | 30075273 | 06/08/2019 | 1 | 06/08/2019 | Book |